Faculty of Law Library — Cairo University

Official Online Catalog

International arbitration treaties / (Record no. 64174)

MARC details
000 -LEADER
fixed length control field 01193cam a2200349 i 4500
003 - CONTROL NUMBER IDENTIFIER
control field EG-GICUC
005 - DATE AND TIME OF LATEST TRANSACTION
control field 20260225101450.0
008 - FIXED-LENGTH DATA ELEMENTS--GENERAL INFORMATION
fixed length control field 981028s1998 nyu frb 000 0 eng d
020 ## - INTERNATIONAL STANDARD BOOK NUMBER
International Standard Book Number 1578230144
020 ## - INTERNATIONAL STANDARD BOOK NUMBER
International Standard Book Number 9781578230143
040 ## - CATALOGING SOURCE
Original cataloging agency DLC
Transcribing agency DLC
Modifying agency DLC
-- EG-GICUC
Language of cataloging eng
Description conventions rda
050 00 - LIBRARY OF CONGRESS CALL NUMBER
Classification number K2400.A35
Item number S63 1998
082 00 - DEWEY DECIMAL CLASSIFICATION NUMBER
Classification number 347.224
Edition number 21
092 04 - LOCALLY ASSIGNED DEWEY CALL NUMBER (OCLC)
Edition number 21
099 ## - LOCAL FREE-TEXT CALL NUMBER (OCLC)
Classification number Law 12 1998
100 1# - MAIN ENTRY--PERSONAL NAME
Personal name Smit, Hans.
245 10 - TITLE STATEMENT
Title International arbitration treaties /
Statement of responsibility, etc. H. Smit, V. Pechota.
264 ## - PRODUCTION, PUBLICATION, DISTRIBUTION, MANUFACTURE, AND COPYRIGHT NOTICE
Place of production, publication, distribution, manufacture [Yonkers, N.Y.] :
Name of producer, publisher, distributor, manufacturer Juris Pub. ;
Place of production, publication, distribution, manufacture [London] :
Name of producer, publisher, distributor, manufacturer Sweet & Maxwell,
Date of production, publication, distribution, manufacture, or copyright notice 1998.
300 ## - PHYSICAL DESCRIPTION
Extent xiv, 311 pages ;
Dimensions 27 cm.
336 ## - CONTENT TYPE
Content type term text
Source rdacontent
337 ## - MEDIA TYPE
Media type term Computer
Source rdamedia
338 ## - CARRIER TYPE
Carrier type term Online Resource
Source rdacarrier
490 1# - SERIES STATEMENT
Series statement Smit's guides to international arbitration,
International Standard Serial Number 1050-3900 ;
Volume/sequential designation unit 5
504 ## - BIBLIOGRAPHY, ETC. NOTE
Bibliography, etc. note Includes bibliographical references (p. 264-279).
650 #0 - SUBJECT ADDED ENTRY--TOPICAL TERM
Topical term or geographic name entry element International commercial arbitration.
650 #0 - SUBJECT ADDED ENTRY--TOPICAL TERM
Topical term or geographic name entry element Arbitration and award.
700 1# - ADDED ENTRY--PERSONAL NAME
Personal name Pěchota, Vratislav.
830 #0 - SERIES ADDED ENTRY--UNIFORM TITLE
Uniform title Smit's guides to international arbitration series ;
Volume/sequential designation unit 5.
856 40 - ELECTRONIC LOCATION AND ACCESS
Uniform Resource Identifier <a href="https://fll.law.cu.edu.eg/fulltext/bks/ENGB12-00031.pdf">https://fll.law.cu.edu.eg/fulltext/bks/ENGB12-00031.pdf</a>
905 ## - Cataloger and Reviser Names
Cataloger Name: Hend El khosy
942 ## - ADDED ENTRY ELEMENTS (KOHA)
Source of classification or shelving scheme Dewey Decimal Classification
Koha item type Books
Edition 21
Suppress in OPAC No
Holdings
Withdrawn status Lost status Source of classification or shelving scheme Damaged status Not for loan Collection Home library Current library Date acquired Total checkouts Full call number Barcode Date last seen Copy number Price effective from Koha item type Public note
    Dewey Decimal Classification     القانون الدولي الخاص جــــامعة القــاهرة مكتبة كلية الحقوق - المبنى الرئيسي 25.02.2026   Law1 12 347.224 SM . I 1998 1200031 C3 ENGB12-00031 25.02.2026 3 25.02.2026 Books 1183
    Dewey Decimal Classification     القانون الدولي الخاص جــــامعة القــاهرة مكتبة كلية الحقوق - فـرع الشيخ زايد 25.02.2026   Law2 12 347.224 SM . I 1998 1200029 C1 ENGB12-00029 25.02.2026 1 25.02.2026 Books 363
    Dewey Decimal Classification     القانون الدولي الخاص جــــامعة القــاهرة مكتبة كلية الحقوق - فـرع الشيخ زايد 25.02.2026   Law2 12 347.22 SM . I 1998 1200030 C2 ENGB12-00030 25.02.2026 2 25.02.2026 Books 364

© All rights reserved — Faculty of Law, Cairo University